| 000 | 00478cam a2200145 4500500 | ||
|---|---|---|---|
| 005 | 20251012015618.0 | ||
| 041 | _afre | ||
| 042 | _adc | ||
| 100 | 1 | 0 |
_aMasquelier, E. _eauthor |
| 245 | 0 | 0 | _aCentre de la douleur ou centre de l’autonomie ? |
| 260 | _c1998. | ||
| 500 | _a12 | ||
| 786 | 0 | _nDouleur et analgésie | 11 | 2 | 1998-06-01 | p. 114-114 | 1011-288X | |
| 856 | 4 | 1 | _uhttps://shs.cairn.info/revue-douleur-et-analgesie-1998-2-page-114?lang=fr&redirect-ssocas=7080 |
| 999 |
_c1532652 _d1532652 |
||